Regions of Oceania - Statistics

General Stats
  • This quiz has been taken 11 times
  • The average score is 18 of 26
Answer Stats
Country % Correct
Palau
100%
Australia
90%
Fiji
90%
Kiribati
90%
Micronesia
90%
Nauru
90%
New Zealand
90%
Solomon Islands
90%
Tonga
90%
Vanuatu
90%
American Samoa
80%
Marshall Islands
80%
Papua New Guinea
80%
Samoa
80%
Tuvalu
80%
French Polynesia
60%
Pitcairn Islands
60%
Cook Islands
50%
Easter Island
50%
New Caledonia
50%
Wallis and Futuna
50%
Guam
40%
Hawaii
40%
Niue
40%
Northern Mariana Islands
40%
Tokelau
40%
No matching quizzes found
Score Distribution
Percent of People with Each Score
Percentile by Number Answered
Your Score History
You have not taken this quiz